000 00451nam a2200169 i 4500
001 bg
100 1 _aCERMAVSKIJ, Dmitrij S.
245 0 _aModelowanie matematyczne /
_cD.S. Czerniawski, J.M. Romanowski, N.W. Stiepanowa.
260 _aWarszawa,
_c1979.
700 1 _aROMANOVSKIJ, Jurij M.
700 1 _aSTEPANOVA, Natalja V.
040 _cBPK
041 _apol
080 _a577.3:51
942 _cKS
008 s pl f |000 0 pol
999 _c18572
_d18572
856 _uhttp://koha.tu.koszalin.pl/cgi-bin/koha/opac-detail.pl?biblionumber=18572
_yKatalog online BPK